000
00209 a2200097 4500
001
10000
100
_a
Runciman, S.
245
_a
History of the Crusades, A.
260
_a
_b
Cambridge
_c
090
_c
7765
_d
7765
942
_a
NUST-CAE
_c
M
_c
34450
999
_c
245073
_d
245073